| 000 | 02156cam a22003374a 4500 | ||
|---|---|---|---|
| 020 | _a9780821377956 | ||
| 040 | _cDLC | ||
| 082 | _a330 WOR 2009 A064 Or. | ||
| 110 | 2 | _aWorld Bank. | |
| 245 | 1 | 0 |
_aAfrica Development Indicators 2008/2009 _bFrom the World Bank Africa Database. |
| 260 |
_aWashington, D.C. : _bThe World Bank, _c2009. |
||
| 300 | _a1 online resource (207 p.) | ||
| 490 | 1 | _aAfrica Development Indicators | |
| 520 | 3 | _aAfrica Development Indicators 2008/09 (ADI) provides the most detailed collection of data on Africa available in one volume. It puts together data from different sources, making it an essential tool for policy makers, researchers, and other people interested in Africa. This year’s ADI addresses the issue of youth employment. The report shows that success in addressing youth employment in will not be achieved and sustained through fragmented and isolated interventions. Instead it finds that an arching guideline for addressing the youth employment challenge is the need for an integrated strategy for rural development, growth and job creation - which covers the demand and the supply sides of the labor market and takes into account the youth mobility from rural to urban areas - combined with targeted interventions to help young people overcome disadvantages in entering and remaining in the labor market. This edition includes the Africa Development Indicators 2008/09 Single User CD-ROM and opening articles from leading economists reporting and analyzing key African economic and development issues. | |
| 650 | 4 | _aAdolescent Health. | |
| 650 | 4 | _aBanks and Banking Reform. | |
| 650 | 4 | _aChild Labor. | |
| 650 | 4 | _aCommunities & Human Settlements. | |
| 650 | 4 | _aEducation. | |
| 650 | 4 | _aHealth, Nutrition and Population. | |
| 650 | 4 | _aHousing and Human Habitats. | |
| 650 | 4 | _aLabor Markets. | |
| 650 | 4 | _aLabor Policies. | |
| 650 | 4 | _aPopulation Policies. | |
| 650 | 4 | _aPrimary Education. | |
| 650 | 4 | _aSocial Protections and Labor. | |
| 650 | 4 | _aYouth and Government. | |
| 710 | 2 | _aWorld Bank. | |
| 856 | 4 | 0 | _uhttp://elibrary.worldbank.org/content/book/9780821377871 |
| 942 | _cEK | ||
| 999 |
_c14111 _d14111 |
||